Statistics for Olympic Teams Not Recognized By The UN

Click here to take the quiz!

General Stats

  • This quiz has been taken 50 times
  • The average score is 9 of 12

Answer Stats

Unrecognized Delegations% Correct
13Palestine
94%
12Taiwan
87%
5Guam
85%
10Hong Kong
83%
2U.S. Virgin Islands
83%
11Aruba
81%
4Puerto Rico
81%
7U.K. Virgin Islands
66%
3American Samoa
62%
6Bermuda
62%
9Cook Islands
51%
8Cayman Islands
49%

Score Distribution

Percentile by Number Answered

Percent of People with Each Score

Your Score History

You have not taken this quiz